Statistics for Hellfire- The Hunchback of Notre Dame Lyrics

Click here to take the quiz!

General Stats

  • This quiz has been taken 203 times
  • The average score is 33 of 44

Answer Stats

HintAnswer% Correct
Beata ____Maria
97%
You know I am a _______ manrighteous
90%
Then ___ me, Mariatell
90%
____ MariaBeata
89%
Like ____fire
89%
________Hellfire
89%
________hellfire
89%
If in God's ____plan
88%
He made the _____Devil
87%
It's ___ my faultnot
87%
I ___ hersee
87%
So much ______ ____ a manstronger than
86%
Is turning me __ ___to sin
86%
Why I see her ______ theredancing
85%
Of my virtue I am ____ ____justly proud
85%
It's not __ ____my fault
85%
I'm not __ _____to blame
85%
Now ____ it's your turngypsy
84%
This ______ ______burning desire
82%
I ____ herfeel
82%
This fire in my ____skin
81%
You know I'm so much _____ ____purer than
78%
It is the _____ ____gypsy girl
77%
The ___ caught in her ____ ____sun, raven hair
77%
The _____common
75%
God have mercy on ___her
75%
God have mercy on __me
75%
______ me, MariaProtect
74%
Or else let her __ ____ and mine _____be mine, alone
73%
But she will be ____mine
69%
______vulgar
69%
Be mine or you ___ ____will burn
68%
____ fireDark
67%
Is ______ in me out of all ______blazing, control
66%
Or ___ will ____she, burn
65%
And let her ____ the fires of ____taste, Hell
64%
still ____ my ___scorch, soul
60%
Don't let ___ _____ cast her spellthis siren
58%
_____ me or your ____Choose, pyre
54%
Why her ______ ___smoldering eyes
54%
Weak _______ crowdlicentious
47%
Don't let her fire ____ my ____ and ____sear, flesh, bone
44%
_____ _________Destroy Esmerelda
37%
The witch who ____ this _____sent, flame
36%

Score Distribution

Percentile by Number Answered

Percent of People with Each Score

Your Score History

You have not taken this quiz